000 01806nam1a2200289 4500
001 rc\1125955
005 20260416113643.0
035 _a(NLR Aleph) 006379299
090 _a5067833
_c5067833
100 _a20041126d1981 u y0rusy50 ca
101 0 _arus
102 _aRU
105 _ay |||||||||
200 1 _aПроизводство бумажной и картонной тары
_eБиблиогр. указ. отеч. и иностр. лит. ...
_fВсесоюз. н.-и. и проект. ин-т экономики, орг. упр. пр-вом и информ. по лесн., целлюлоз.-бум. и деревообраб. пром-сти. Центр науч.-техн. б-ка лесн. и бум. пром-сти
210 _aМ.
_cВНИПИЭИлеспром
_d1981
215 _d20
606 1 _aБумажная тара
_jБиблиография
_2nlr_sh1
_2nlr_sh2
_3RU\NLR\AUTH\66175994
606 1 _aКартонная тара
_jБиблиография
_2nlr_sh1
_2nlr_sh2
_3RU\NLR\AUTH\66516757
686 1 _aЛ779.9я1
712 0 2 _aВсесоюзный научно-исследовательский и проектный институт экономики, организации управления производством и информации по лесной, целлюлозно-бумажной и деревообрабатывающей промышленности
_3RU\NLR\AUTH\889947037
_4570
712 0 2 _aЦентральная научно-техническая библиотека лесной и бумажной промышленности
_cМосква
_3RU\NLR\AUTH\889964987
_4570
801 0 _aRU
_bNLR
_gpsbo
801 1 _aRU
_bELAR
_2rusmarc
852 _aNLR
_bС
_jК-2/1046
942 _cBOOK
980 _aNB